000 00888nam0a2200277 4500
001 RU\NLR\ONL1\2961
005 20250613113959.0
035 _a(NLR Aleph) 009631714
090 _a9497798
_c9497798
100 _a20040426d1931 |||y0rusy50 ca
101 0 _achm
102 _aRU
105 _ay |||||||||
200 1 _aКолхозникын вольык ончымо кнагажэ
_fИванович
_g[Пер. К. Смирнов]
210 _aЙошкар-Ола
_cМаробиздат
_d1931
215 _a39 с.
_d20
541 1 _aАзбука колхозника животновода
_zrus
606 0 _aЖивотноводство
_91041356
_3RU\NLR\auth\6683124
686 1 _aП6
700 1 _aИванович
_4070
801 0 _aRU
_bNLR
_c20040426
_gPSBO
852 _aNLR
_bОНЛ
_jМар.л./2-424
942 _cBOOK
980 _aNB